000 01738nas1a22003851i 4500
001 RU\NLR\INFOCOMM31\5000017867
005 20260406205041.0
011 _a0869-8309
035 _a(NLR Aleph) 002343723
090 _a4490806
_c4490806
100 _a20041105a19939999|||y0rusy50 ca
101 0 _arus
102 _aRU
110 _aahuzz 0|y|
200 1 _aВестник Межпарламентской ассамблеи
_fМежпарламент. ассамблея государств-участников Содружества независимых государств
210 _aСПб.
_d1993 -
515 1 _aВестник МПА
_zrus
710 0 2 _aСНГ
_bМежпарламентская ассамблея
_cСанкт-Петербург
_3RU\NLR\AUTH\889965587
_9427438
801 2 _aRU
_bNLR
_c20080327
_2rusmarc
801 1 _aRU
_bInfoComm
_c20041105
801 0 _aRU
_bNLR
_gPSBO
852 _aNLR
_jП22/6407
942 _cJOURNAL
980 _aRUSPER